|
|
|
|
| LEADER |
00000cam a2200000 4500 |
| 001 |
vtls011989751 |
| 003 |
SK-MaSNL |
| 005 |
20260425234005.0 |
| 008 |
230501s2019 xr frin 000 0 cze |
| 015 |
|
|
|a SNBZSA2022/03
|
| 020 |
|
|
|a 9788075560537
|q (brožované)
|
| 035 |
|
|
|a urn:nbn:sk:snk-am00ice9
|
| 035 |
|
|
|a 014763EF-F5CF-414C-A987-47BB2ECE2016
|
| 040 |
|
|
|a SNK
|b slo
|c SNK
|e rda
|
| 041 |
0 |
|
|a cze
|a slo
|b cze
|b eng
|
| 043 |
|
|
|a e------
|a e-xr---
|
| 044 |
|
|
|a xr
|c CZ
|
| 072 |
|
7 |
|a 355/359
|x Vojenstvo. Obrana krajiny. Ozbrojené sily
|2 konspekt
|
| 072 |
|
7 |
|a 327
|x Medzinárodné vzťahy, svetová politika
|2 konspekt
|
| 080 |
|
|
|a 355.02
|2 2011
|
| 080 |
|
|
|a 327.5
|2 2011
|
| 080 |
|
|
|a (4-6EU)
|2 2011
|
| 080 |
|
|
|a (437.3)
|2 2011
|
| 080 |
|
|
|a (048.8:082)
|2 2011
|
| 100 |
1 |
|
|a Slepecký, Jaroslav,
|d 1957-
|4 aut
|9 218799
|
| 245 |
1 |
0 |
|a Bezpečnostní prostředí v Evropě - radikalizace, terorismus a ochrana obyvatelstva
|c Jaroslav Slepecký a kol.
|
| 264 |
|
1 |
|a České Budějovice
|b Vysoká škola evropských a regionálních studií, z.ú.
|c 2019
|
| 300 |
|
|
|a 50 strán
|c 21 cm
|
| 336 |
|
|
|a text
|b txt
|2 rdacontent
|
| 337 |
|
|
|a bez média
|b n
|2 rdamedia
|
| 338 |
|
|
|a zväzok
|b nc
|2 rdacarrier
|
| 366 |
|
|
|e 200 kusov
|
| 490 |
1 |
|
|a Studia
|
| 504 |
|
|
|a Obsahuje bibliografiu na strane 45-48 a register
|
| 546 |
|
|
|a Čiastočne slovenský text, resumé v češtine ; anotácia aj v angličtine
|
| 650 |
0 |
7 |
|a národná bezpečnosť
|2 SNKPH
|9 78003
|
| 650 |
0 |
7 |
|a medzinárodná bezpečnosť
|2 SNKPH
|9 2672
|
| 650 |
0 |
7 |
|a National security
|2 SNKPHeng
|9 310488
|
| 650 |
0 |
7 |
|a International security
|2 SNKPHeng
|9 311361
|
| 651 |
|
7 |
|a krajiny Európskej únie
|2 SNKPHgeo
|9 31482
|
| 651 |
|
7 |
|a Česko
|2 SNKPHgeo
|9 16753
|
| 651 |
|
7 |
|a European Union countries
|2 SNKPHeng
|9 276031
|
| 651 |
|
7 |
|a Czechia
|2 SNKPHeng
|9 170107
|
| 655 |
|
7 |
|a kolektívne monografie
|2 SNKPH
|9 249850
|
| 655 |
|
7 |
|a Collective monographs
|2 SNKPHeng
|9 125747
|
| 810 |
2 |
|
|a Vysoká škola evropských a regionálních studií
|t Studia
|9 333367
|
| 852 |
|
|
|a Slovenská národná knižnica
|
| 919 |
|
|
|a 978-80-7556-053-7
|
| 954 |
|
|
|a odborná, vedecká literatúra cudzojazyčná (svetová)
|2 lita
|
| 958 |
|
|
|a ZS
|
| 958 |
|
|
|a NB
|
| 999 |
|
|
|c 781443
|d 783373
|
| 952 |
|
|
|a SNK
|b SNK
|y PREZ
|7 0
|p 17A1449779
|o snkSC 192259
|i snk2021/2757
|8 4
|g 13.13
|0 0
|1 0
|4 0
|d 2020-08-27
|f 1
|l 0
|r 2025-10-09 00:00:00
|w 2026-02-24
|